Normal view
MARC view
Entry Personal Name
001 - CONTROL NUMBER
- control field: 14350
003 - CONTROL NUMBER IDENTIFIER
- control field: BD-RjUL
005 - DATE AND TIME OF LATEST TRANSACTION
- control field: 20241120162141.0
008 - FIXED-LENGTH DATA ELEMENTS
- fixed length control field: 241120|| aca||aabn | a|a d
040 ## - CATALOGING SOURCE
- Original cataloging agency: BD-RjUL
- Transcribing agency: BD-RjUL
100 ## - HEADING--PERSONAL NAME
- Personal name: Hossain, Syed Zabid, Supervised
670 ## - SOURCE DATA FOUND
- Source citation: Work cat.: (BD-RjUL)84336: Islam, S. M. Faridul 14348, GREEN ACCOUNTING AND REPORTING PRACTICES IN BANGLADESH : , 2023